000 00267nam a2200097Ia 4500
008 230508s1997 xx 000 0 und d
041 _aeng
100 _aDANIEL E. PUNCOCHAR
245 _aINTERPRETATION OF GEOMETRIC DIMEN.& TOLERANC
260 _bINDUSTRIAL PRESS.
_c1997
999 _c311244
_d311244